00819nam a2200229 u 450000100100000000500170001000800410002702000150006804000250008308200200010824500810012826000750020930000110028449000150029550000570031050000420036760000350040965000390044465100500048370000410053383000150057400002430020250621074007.0100806s2004 dr r 000 0 spa d a9993431168 aDO-SdBNPbspacBNPHU a972.9304bD356p00aEugenio Dechamps :bpolítico y periodista /cCompilador Julio Jaime Julia. aSanto Domingo :bBiblioteca Nacional Pedro Henríquez Ureña,c2004. a686 p.1 aPeriodismo aIncluye datos biográficos del autor en las solapas aIncluye notas al pie de las páginas14aDESCHAMPS, EUGENIO,y1844-1930 4aPeriodismozRepública Dominicana 0aRepública DominicanaxPolítica y gobierno12aJulia, Julio Jaimed1922-1993ecomp. 4aPeriodismo